Principles of Management (Record no. 3191)

MARC details
000 -LEADER
fixed length control field 00348nam a22001577a 4500
005 - DATE AND TIME OF LATEST TRANSACTION
control field 20180621110736.0
008 - FIXED-LENGTH DATA ELEMENTS--GENERAL INFORMATION
fixed length control field 160620b xxu||||| |||| 00| 0 eng d
041 ## - LANGUAGE CODE
Language code of text/sound track or separate title eng
082 ## - DEWEY DECIMAL CLASSIFICATION NUMBER
Item number 8343
Classification number 658
100 ## - MAIN ENTRY--AUTHOR NAME
Personal name Ramasamy, T.
245 ## - TITLE STATEMENT
Title Principles of Management
260 ## - PUBLICATION, DISTRIBUTION, ETC. (IMPRINT)
Name of publisher HPH
300 ## - PHYSICAL DESCRIPTION
Number of Pages 356
650 ## - SUBJECT ADDED ENTRY--TOPICAL TERM
Topical Term Management
942 ## - ADDED ENTRY ELEMENTS (KOHA)
Koha item type Books
Holdings
Lost status Damaged status Home library Current library Shelving location Date acquired Cost, normal purchase price Full call number Accession Number Koha item type Collection code
    JRU Library   SHELF-17-B 20/06/2016 175.00 658 8343 Books  
    JRU Library   SHELF-16-G 20/06/2016 175.00 658 8344 Books  
    JRU Library   SHELF-16-G 20/06/2016 175.00 658 8345 Books  
    JRU Library JRU Library SHELF-38-D 20/06/2016 175.00 658 8346 Books MANAGEMENT
    JRU Library JRU Library SHELF-38-D 20/06/2016 175.00 658 8347 Books MANAGEMENT
    JRU Library JRU Library SHELF-38-D 20/06/2016 175.00 658 8348 Books MANAGEMENT
    JRU Library JRU Library SHELF-38-D 20/06/2016 175.00 658 8349 Books MANAGEMENT